| 000 | 00477nam a2200205Ia 4500 | ||
|---|---|---|---|
| 003 | OSt | ||
| 005 | 20230330100632.0 | ||
| 008 | 210423s2009 xx 000 0 und d | ||
| 020 | _a9788183986900 | ||
| 040 | _cAL | ||
| 041 | _aeng | ||
| 082 |
_a543.0858 KAUH _223 |
||
| 100 |
_aKAUR (H). _941327 |
||
| 245 | _aSpectroscopy. | ||
| 260 |
_aMeerut _bPragati Prakashan _c2009 |
||
| 300 |
_aviii,760 _bPB |
||
| 365 |
_b360 _cINR |
||
| 906 | _aSpectroscopy. | ||
| 942 |
_2ddc _cBK |
||
| 999 |
_c154543 _d154543 |
||